[Event "Moscow op 03rd"]
[Site "Moscow"]
[Date "2007.02.03"]
[Round "8"]
[White "Kachko, Alexander"]
[Black "Iljushin, Alexei"]
[Result "1/2-1/2"]
[WhiteElo "2410"]
[BlackElo "2510"]
[PlyCount "155"]
[EventDate "2007.01.27"]
[EventType "swiss"]
[EventRounds "9"]
[EventCountry "RUS"]
[SourceTitle "CBM 116 Extra"]
[Source "ChessBase"]
[SourceDate "2007.03.07"]
[SourceVersion "1"]
[SourceVersionDate "2007.03.07"]
[SourceQuality "1"]

1. e4 c5 2. Nc3 Nc6 3. g3 g6 4. Bg2 Bg7 5. d3 d6 6. Be3 Rb8 7. Qd2 b5 8. Nge2 Nd4 9. 0-0 h5 10. Nd1 Nxe2+ 11. Qxe2 Nf6 12. h3 0-0 13. Qd2 Re8 14. f4 Nd7 15. c3 Nb6 16. f5 e6 17. fxg6 fxg6 18. Bg5 Qc7 19. Ne3 e5 20. c4 Bd7 21. g4 hxg4 22. hxg4 Rf8 23. b3 Rf4 24. Rae1 Rbf8 25. Bh3 b4 26. Qh2 Rxf1+ 27. Rxf1 Rxf1+ 28. Bxf1 Be6 29. Qh4 Qf7 30. Qf2 Nd7 31. Qxf7+ Kxf7 32. Kf2 Bf6 33. Bxf6 Kxf6 34. Kg3 Kg5 35. Be2 Nf6 36. Bf3 a5 37. Be2 Bd7 38. Bd1 Bc6 39. Bf3 a4 40. Nd1 Nh7 41. Nf2 Kf6 42. Bd1 a3 43. Nh3 Nf8 44. g5+ Ke7 45. Ng1 Ne6 46. Nf3 Nf4 47. Ne1 Bd7 48. Bf3 Bh3 49. d4 Bf1 50. Kf2 Bxc4 51. bxc4 b3 52. Bd1 Nd3+ 53. Ke2 bxa2 54. Nc2 Nb4 55. Na1 exd4 56. Kd2 Ke6 57. Ba4 Ke5 58. Be8 d3 59. Nb3 Nc2 60. Kxd3 a1Q 61. Nxa1 Nxa1 62. Kc3 a2 63. Kb2 Nc2 64. Kxa2 Kf4 65. Bxg6 Kxg5 66. Bh7 Kf4 67. Kb3 Nd4+ 68. Ka4 Nf3 69. Kb5 Ne5 70. Bf5 Ke3 71. Kb6 Kd4 72. Kc7 Nxc4 73. Be6 Kxe4 74. Bxc4 d5 75. Ba2 c4 76. Kd6 Kd4 77. Kc6 c3 78. Bb3 1/2-1/2

[Event "Moscow op 03rd"]
[Site "Moscow"]
[Date "2007.02.02"]
[Round "7"]
[White "Maiorov, Nikita"]
[Black "Kachko, Alexander"]
[Result "1/2-1/2"]
[WhiteElo "2516"]
[BlackElo "2410"]
[PlyCount "123"]
[EventDate "2007.01.27"]
[EventType "swiss"]
[EventRounds "9"]
[EventCountry "RUS"]
[SourceTitle "CBM 116 Extra"]
[Source "ChessBase"]
[SourceDate "2007.03.07"]
[SourceVersion "1"]
[SourceVersionDate "2007.03.07"]
[SourceQuality "1"]

1. d4 d5 2. c4 dxc4 3. Nf3 Nf6 4. e3 e6 5. Bxc4 a6 6. 0-0 c5 7. dxc5 Qxd1 8. Rxd1 Bxc5 9. Be2 0-0 10. Ne5 Nbd7 11. Nc4 b5 12. Na5 Bb6 13. Bd2 Nc5 14. Bb4 Ra7 15. Nc3 Re8 16. Rd6 Bxa5 17. Bxa5 Nb7 18. Bb6 Nxd6 19. Bxa7 Bb7 20. f3 Nd5 21. Nxd5 exd5 22. Kf2 Rc8 23. Bd3 b4 24. b3 Rc6 25. Bd4 f6 26. g4 Nf7 27. Rd1 Ng5 28. h4 Ne6 29. Bb2 Kf7 30. Bb1 Rc8 31. e4 Rd8 32. exd5 Rxd5 33. Rxd5 Bxd5 34. Ke3 h6 35. f4 Ke7 36. f5 Nc7 37. Be4 Bxe4 38. Kxe4 Kd6 39. a3 a5 40. axb4 axb4 41. Kd4 Nd5 42. Bc1 Kc6 43. Bd2 Kd6 44. h5 Kc6 45. Kc4 Nb6+ 46. Kxb4 Kd5 47. Kb5 Nd7 48. b4 Ne5 49. Ka6 Nxg4 50. b5 Ne5 51. b6 Nd7 52. b7 Nc5+ 53. Ka7 Nxb7 54. Kxb7 Ke5 55. Bb4 Kxf5 56. Bf8 Kg5 57. Bxg7 f5 58. Kc6 f4 59. Kd5 f3 60. Bd4 Kxh5 61. Ke4 Kg4 62. Bf2 1/2-1/2